| 000 | 00731nam a2200217u 4500 | ||
|---|---|---|---|
| 001 | 5702 | ||
| 003 | BD-RjUL | ||
| 005 | 20211208234119.0 | ||
| 008 | 161223s1963 dcu 000 0 eng | ||
| 035 | _a(BD-RjUL)5741 | ||
| 040 |
_aDLC _cCarP _d(BD-RjUL _beng |
||
| 041 | _aeng | ||
| 082 |
_223 _a355.003 _bUND 1963 |
||
| 110 | 1 |
_aUnited States. _bJoint Chiefs of Staff. Department of Defence _9176505 |
|
| 245 | 1 | 2 |
_aA Dictionary of United States Military Terms / _cUnited States. Joint Chiefs of Staff. Department of Defence. |
| 260 |
_aWashington, D. C. : _bPublic Affairs Press, _c1963 |
||
| 300 |
_aviii, 326 p. _c24 cm. |
||
| 650 |
_aMilitary art and science _vDictionaries. _9176506 |
||
| 942 |
_2ddc _cREF |
||
| 999 |
_c5702 _d5702 |
||